Normal view
MARC view
- Col Dr Zafar Ahmed Malik
Entry Personal Name
001 - CONTROL NUMBER
- control field: 48515
003 - CONTROL NUMBER IDENTIFIER
- control field: NUST
005 - DATE AND TIME OF LATEST TRANSACTION
- control field: 20210314134050.0
008 - FIXED-LENGTH DATA ELEMENTS
- fixed length control field: 210314|| aca||aabn | a|a d
040 ## - CATALOGING SOURCE
- Original cataloging agency: NUST
- Transcribing agency: NUST
100 ## - HEADING--PERSONAL NAME
- Personal name: Col Dr Zafar Ahmed Malik
670 ## - SOURCE DATA FOUND
- Source citation: Work cat.: (NUST): Lt Col Muhammad Azim 48514, A preliminary study for verification of AASHTO temperature correction factors used in AASHTO overlay design for temperatures prevalent in Pakistan using deflection method and application of deflection testing for quality control during pavement construction, 2002
